पालखी (Record no. 403753)

MARC details
000 -LEADER
fixed length control field 00527nam a2200181Ia 4500
008 - FIXED-LENGTH DATA ELEMENTS--GENERAL INFORMATION
fixed length control field 100122s9999 xx 000 0 und d
082 ## - DEWEY DECIMAL CLASSIFICATION NUMBER
Item number 12650
Classification number 823
100 ## - MAIN ENTRY--PERSONAL NAME
Personal name मोकाशी दि बा
245 ## - TITLE STATEMENT
Title पालखी
250 ## - EDITION STATEMENT
Edition statement 0
260 ## - PUBLICATION, DISTRIBUTION, ETC. (IMPRINT)
Name of publisher, distributor, etc मौज प्रकाशन
Date of publication, distribution, etc 1964
300 ## - PHYSICAL DESCRIPTION
Extent 160
520 ## - SUMMARY, ETC.
Summary, etc माळयावर गठ्ठा क्र 7
620 ## -
-- माळयावर गठ्ठा क्र 7
630 ## - SUBJECT ADDED ENTRY--UNIFORM TITLE
Uniform title पालखी
730 ## - ADDED ENTRY--UNIFORM TITLE
Uniform title पालखी
942 ## - ADDED ENTRY ELEMENTS (KOHA)
Koha item type Book

No items available.